000 00515nam a22001817a 4500
005 20251108172922.0
008 250721s2003 xx 000 0 ara d
082 1 4 _a658.406/عار
100 1 _aعارف، ديالا
245 1 0 _aالإصلاح الإداري : الفكر والممارسة /
264 1 _aدمشق :
_bدار الرضا للنشر،
_c2003.
300 _a221ص
650 1 7 _aالإصلاح
650 1 7 _aالإدارة
650 1 7 _aالتطوير
942 _2ddc
_cBK
999 _c91812
_d91812